LEADER 00780nam0-22003011i-450- 001 990003267160403321 005 20001010 035 $a000326716 035 $aFED01000326716 035 $a(Aleph)000326716FED01 035 $a000326716 100 $a20000920d1929----km-y0itay50------ba 101 0 $aita 105 $ay-------001yy 200 1 $aISLANDA E ALTRE TAPPE DI VIAGGIO 210 $aMilano$cAlpes$d1929 215 $app. 294 610 0 $aIslanda 676 $a073 700 1$aBeonio-Brocchieri,$bVittorio$f<1902-1979>$0126277 801 0$aIT$bUNINA$gRICA$2UNIMARC 901 $aBK 912 $a990003267160403321 952 $a073.000.BEO$b6940$fDECGE 959 $aDECGE 996 $aISLANDA E ALTRE TAPPE DI VIAGGIO$9450542 997 $aUNINA DB $aING01 LEADER 01055cam0-22003011i-450 001 990004292150403321 005 20210423114035.0 035 $a000429215 100 $a19990604d1922----km-y0itay50------ba 101 0 $aita 102 $aIT 105 $ay-------001yy 200 1 $aDelle leggi che riguardano l'educazione, i costumi e l'istruzione pubblica$eLibro IV della scienza della legislazione$fGaetano Filangieri$gintroduzione e revisione del testo e delle note a cura di Settimo Carassali 210 $aTorino$cBocca$d1922 215 $aXXXIV, 324 p.$d20 cm 610 0 $aScienza della legislazione 676 $a340.1$v20$zita 700 1$aFilangieri,$bGaetano$f<1752-1788>$08276 702 1$aCarassali,$bSettimo 801 0$aIT$bUNINA$gRICA$2UNIMARC 901 $aBK 912 $a990004292150403321 952 $a340.1 FIL 3$bST.FIL.178$fFLFBC 952 $aXI FILANGIERI 2$b13938$fFGBC 959 $aFGBC 959 $aFLFBC 996 $aDelle leggi che riguardano l'educazione, i costumi e l'istruzione pubblica$9203919 997 $aUNINA